|
|
|
|
| LEADER |
00000nam0a2200000 4500 |
| 001 |
101626 |
| 005 |
20231031112713.0 |
| 035 |
|
|
|a (RuTPU)RU\TPU\book\109570
|
| 090 |
|
|
|a 101626
|
| 100 |
|
|
|a 20060913d1971 m y0rusy50 ca
|
| 101 |
0 |
|
|a rus
|
| 102 |
|
|
|a RU
|
| 105 |
|
|
|a y j 001zy
|
| 200 |
1 |
|
|a Сборник задач по металлургическим расчетам в производстве редких металлов
|e учебное пособие
|f О. Е. Крейн [и др.]
|g Московский институт стали и сплавов; под ред. Г. А. Меерсона
|
| 210 |
|
|
|a Москва
|d 1971
|
| 215 |
|
|
|a 128 с.
|
| 320 |
|
|
|a Библиогр.: с. 127.
|
| 610 |
1 |
|
|a редкие металлы
|
| 610 |
1 |
|
|a металлургия
|
| 610 |
1 |
|
|a задачи
|
| 610 |
1 |
|
|a учебные пособия
|
| 610 |
1 |
|
|a металлургические расчеты
|
| 675 |
|
|
|a 621.7м85/86(076)
|v 3
|
| 701 |
|
1 |
|a Крейн
|b О. Е.
|g Ольга Ефимовна
|
| 701 |
|
1 |
|a Белявская
|b Л. В.
|
| 701 |
|
1 |
|a Вольдман
|b Г. М.
|
| 701 |
|
1 |
|a Егорычев
|b К. Н.
|
| 702 |
|
1 |
|a Меерсон
|b Г. А.
|g Григорий Абрамович
|4 340
|
| 712 |
0 |
2 |
|a Московский государственный институт стали и сплавов (МИСиС)
|2 stltpush
|3 (RuTPU)RU\TPU\col\180
|
| 801 |
|
1 |
|a RU
|b 63413507
|c 20060913
|g PSBO
|
| 801 |
|
2 |
|a RU
|b 63413507
|c 20071009
|g PSBO
|
| 942 |
|
|
|c BK
|